[Event "Kragero Resort International 2022"]
[Site "Kragero"]
[Date "2022.02.25"]
[Round "6.5"]
[White "Stromhaug, Kristoffer Wang"]
[Black "Bjarnason, Snorri Vikanes"]
[Result "1-0"]
[WhiteElo "1694"]
[BlackElo "1606"]
[Annotator "NA"]
[PlyCount "115"]
[EventDate "2022.02.23"]
[EventType "swiss"]
[EventCountry "NOR"]
[SourceTitle "playchess.com"]
[Source "ChessBase"]
[SourceQuality "1"]
[TimeControl "5400+30"]

1. e4 {[%emt 0:00:02]} e5 {[%emt 0:03:46]} 2. Nf3 {[%emt 0:00:14]} Nc6 {[%emt 0:00:18]} 3. Bc4 {[%emt 0:00:14]} Nf6 {[%emt 0:00:10]} 4. Ng5 {[%emt 0:02:18]} d5 {[%emt 0:00:15]} 5. exd5 {[%emt 0:00:07]} Na5 {[%emt 0:00:06]} 6. Bb5+ {[%emt 0:00:12]} c6 {[%emt 0:00:07]} 7. dxc6 {[%emt 0:00:13]} bxc6 {[%emt 0:00:07]} 8. Be2 {[%emt 0:00:07]} h6 {[%emt 0:00:58]} 9. Nf3 {[%emt 0:00:05]} e4 {[%emt 0:02:27]} 10. Ne5 {[%emt 0:00:06]} Qd5 {[%emt 0:00:18]} 11. d4 {[%emt 0:04:49]} exd3 {[%emt 0:04:02]} 12. Nxd3 {[%emt 0:00:08]} Bd6 {[%emt 0:04:04]} 13. Bf3 {[%emt 0:03:21]} Qe6+ {[%emt 0:01:55]} 14. Qe2 {[%emt 0:01:13]} Nd5 {[%emt 0:01:54]} 15. Bxd5 {[%emt 0:03:45]} cxd5 {[%emt 0:00:10]} 16. Qxe6+ {[%emt 0:00:22]} Bxe6 {[%emt 0:00:52]} 17. O-O {[%emt 0:01:57]} Rc8 {[%emt 0:05:05]} 18. c3 {[%emt 0:01:46]} g5 {[%emt 0:01:41]} 19. Be3 {[%emt 0:02:22]} Bf5 {[%emt 0:01:24]} 20. Rd1 {[%emt 0:05:46]} a6 {[%emt 0:01:03]} 21. Bd4 {[%emt 0:01:45]} Rg8 {[%emt 0:01:01]} 22. b4 {[%emt 0:04:27]} Nc4 {[%emt 0:00:27]} 23. Nc5 {[%emt 0:00:48]} Rc6 {[%emt 0:06:16]} 24. Nd2 {[%emt 0:05:39]} Na3 {[%emt 0:00:43]} 25. Ndb3 {[%emt 0:02:24]} Nc2 {[%emt 0:00:25]} 26. Rac1 {[%emt 0:00:35]} Bf4 {[%emt 0:00:13]} 27. Nd2 {[%emt 0:01:23]} Bg4 {[%emt 0:04:32]} 28. f3 {[%emt 0:01:46]} Nxd4 {[%emt 0:00:18]} 29. cxd4 {[%emt 0:00:18]} Bf5 {[%emt 0:00:27]} 30. Kf2 {[%emt 0:02:02]} Kd8 {[%emt 0:07:48]} 31. g3 {[%emt 0:01:58]} Bc7 {[%emt 0:03:21]} 32. Nb1 {[%emt 0:04:19]} Bc8 {[%emt 0:04:16]} 33. Nc3 {[%emt 0:01:35]} Rd6 {[%emt 0:00:10]} 34. Re1 {[%emt 0:01:04]} Re8 {[%emt 0:05:12]} 35. Rxe8+ {[%emt 0:03:17]} Kxe8 {[%emt 0:00:07]} 36. a4 {[%emt 0:00:52]} Bb6 {[%emt 0:04:04]} 37. b5 {[%emt 0:03:17]} f6 {[%emt 0:02:24]} 38. Nb3 {[%emt 0:01:59]} a5 {[%emt 0:00:58]} 39. Nxd5 {[%emt 0:11:32]} Be6 {[%emt 0:00:17]} 40. Nxb6 {[%emt 0:01:02]} Bxb3 {[%emt 0:00:17]} 41. Rc6 {[%emt 0:11:12]} Rxd4 {[%emt 0:00:11]} 42. Rxf6 {[%emt 0:00:07]} Bxa4 {[%emt 0:00:15]} 43. Ke3 {[%emt 0:01:23]} Rb4 {[%emt 0:00:27]} 44. Nxa4 {[%emt 0:00:17]} Rxa4 {[%emt 0:00:08]} 45. Rxh6 {[%emt 0:00:33]} Rb4 {[%emt 0:00:11]} 46. b6 {[%emt 0:01:12]} a4 {[%emt 0:05:05]} 47. b7 {[%emt 0:01:19]} Rxb7 {[%emt 0:05:45]} 48. Rh8+ {[%emt 0:00:32]} Kd7 {[%emt 0:00:18]} 49. Rh7+ {[%emt 0:00:14]} Kc6 {[%emt 0:00:06]} 50. Rxb7 {[%emt 0:00:04]} Kxb7 {[%emt 0:00:10]} 51. Kd2 {[%emt 0:00:08]} Kc6 {[%emt 0:00:29]} 52. Kc3 {[%emt 0:00:11]} Kc5 {[%emt 0:00:20]} 53. h4 {[%emt 0:00:12]} gxh4 {[%emt 0:00:16]} 54. gxh4 {[%emt 0:00:06]} Kd5 {[%emt 0:00:24]} 55. Kb4 {[%emt 0:00:09]} Ke5 {[%emt 0:00:38]} 56. Kxa4 {[%emt 0:00:11]} Kf5 {[%emt 0:00:17]} 57. Kb4 {[%emt 0:00:08]} Kg6 {[%emt 0:00:17]} 58. f4 {[%emt 0:00:12]} 1-0

[Event "Kragero Resort International 2022"]
[Site "Kragero"]
[Date "2022.02.25"]
[Round "6.6"]
[White "Gjestemoen-VonHirsch, Andre"]
[Black "Bogner, Sebastian"]
[Result "0-1"]
[WhiteElo "2243"]
[BlackElo "2573"]
[Annotator "TA"]
[PlyCount "74"]
[EventDate "2022.02.23"]
[EventType "swiss"]
[EventCountry "NOR"]
[SourceTitle "playchess.com"]
[Source "ChessBase"]
[SourceQuality "1"]

{[%evp 9,74,0,25,10,14,23,25,18,18,21,20,20,43,0,22,-33,-32,-47,-41,-77,-78,-133,-110,-120,-109,-202,-181,-259,-177,-189,-181,-180,-154,-157,-154,-206,-202,-214,-200,-210,-200,-260,-265,-575,-572,-538,-564,-639,-628,-623,-520,-500,-426,-863,-844,-942,-942,-908,-616,-646,-642,-937,-915,-885,-872,-933,-1016]} 1. e4 c5 2. Nf3 d6 3. Bb5+ Nd7 4. Ba4 Ngf6 5. O-O e6 (5... a6 $5 {[%cal Rb7b5]} 6. d3 b5 $11) 6. Re1 {B51: Sicilian: Moscow Variation (3 Bb5+) without 3...Bd7.} Be7 7. c3 a6 8. d4 {White has an edge.} b5 9. Bc2 Bb7 10. a4 O-O {[#]} 11. b3 $146 (11. e5 $14 {should be considered.} Nd5 12. axb5 (12. Qd3 g6 $11)) ({Predecessor:} 11. Bd3 cxd4 12. cxd4 e5 13. axb5 axb5 14. Rxa8 Qxa8 15. d5 Nc5 16. b4 Nxd3 17. Qxd3 {0-1 (45) Shuvalova,P (2454)-Kovacevic,A (2474) Chess.com INT 2020}) 11... Re8 12. Qd3 (12. e5 $11 Nd5 13. axb5 (13. Qd3 g6 $11)) 12... Qc7 $15 13. Nbd2 cxd4 14. Nxd4 {[#]} bxa4 {Black keeps a firm grip on the game.} 15. Qg3 (15. bxa4 $142 Rab8 16. Ba3) 15... axb3 16. N2xb3 {[#]} Rac8 $1 17. Re3 (17. Na5 $17) 17... g6 $19 18. f4 (18. Bd2 {is a better defense.}) 18... d5 {[%cal Rd5e4]} 19. e5 Ne4 20. Qg4 Nb6 21. Rh3 Nc4 22. Bxe4 (22. Qd1 $17) 22... dxe4 23. Rh6 Bf8 24. Rh3 Qd8 25. Ra2 a5 {[%cal Ba6a5,Ba5a4][%mdl 32]} 26. Re2 $2 (26. Qe2) 26... a4 {Black is clearly winning.} 27. Nd2 a3 28. Nf1 Ra8 29. Ra2 Qd5 {[%cal Oc4e5]} 30. Qh4 {[%csl Gh3][%cal Rh4h7]} h6 {[%cal Oe4e3]} 31. Rg3 (31. f5 $142 e3 32. fxg6 fxg6 33. Qg4) 31... e3 32. Ra1 Qe4 {Strongly threatening ...e2.} 33. Nxe3 Nxe5 {[%cal Bc4e5,Be5d3,Bd3f4][%mdl 32]} 34. Qh3 Nd3 ({Weaker is} 34... Qxf4 35. Ng4 Qxg4 36. Rxg4 Nxg4 37. Qxg4 $16) 35. Bd2 Nxf4 36. Qg4 a2 37. Nec2 e5 {Weighted Error Value: White=0.59/Black=0.21 (precise)} 0-1

[Event "Kragero Resort International 2022"]
[Site "Kragero"]
[Date "2022.02.25"]
[Round "6.6"]
[White "Amundsen, Ask"]
[Black "Stolp, Aleksander"]
[Result "1/2-1/2"]
[WhiteElo "1819"]
[BlackElo "1680"]
[Annotator "NA"]
[PlyCount "248"]
[EventDate "2022.02.23"]
[EventType "swiss"]
[EventCountry "NOR"]
[SourceTitle "playchess.com"]
[Source "ChessBase"]
[SourceQuality "1"]
[TimeControl "5400+30"]

1. e4 {[%emt 0:00:03]} c6 {[%emt 0:00:07]} 2. d4 {[%emt 0:00:12]} d5 {[%emt 0:00:06]} 3. exd5 {[%emt 0:00:13]} cxd5 {[%emt 0:00:08]} 4. Bd3 {[%emt 0:00:05]} Nc6 {[%emt 0:00:22]} 5. c3 {[%emt 0:00:08]} Nf6 {[%emt 0:00:07]} 6. Bf4 {[%emt 0:00:05]} Bg4 {[%emt 0:00:09]} 7. Qb3 {[%emt 0:00:05]} Qd7 {[%emt 0:00:10]} 8. Nd2 {[%emt 0:00:05]} e6 {[%emt 0:00:11]} 9. Ngf3 {[%emt 0:00:05]} Bd6 {[%emt 0:00:11]} 10. Bxd6 {[%emt 0:00:07]} Qxd6 {[%emt 0:00:05]} 11. O-O {[%emt 0:00:08]} O-O {[%emt 0:00:17]} 12. Rae1 {[%emt 0:00:07]} Ne7 {[%emt 0:02:49]} 13. Ne5 {[%emt 0:04:14]} Bf5 {[%emt 0:00:45]} 14. a4 {[%emt 0:12:32]} a6 {[%emt 0:11:54]} 15. h3 {[%emt 0:21:05]} b5 {[%emt 0:11:20]} 16. axb5 {[%emt 0:01:20]} axb5 {[%emt 0:00:27]} 17. g4 {[%emt 0:02:50]} Bxd3 {[%emt 0:00:57]} 18. Nxd3 {[%emt 0:00:04]} Nc6 {[%emt 0:04:30]} 19. Nf3 {[%emt 0:37:18]} b4 {[%emt 0:11:57]} 20. Nc5 {[%emt 0:02:33]} bxc3 {[%emt 0:07:51]} 21. Qxc3 {[%emt 0:00:35]} Rfc8 {[%emt 0:02:48]} 22. b4 {[%emt 0:02:11]} Rab8 {[%emt 0:02:10]} 23. Rb1 {[%emt 0:01:35]} Ne4 {[%emt 0:05:49]} 24. Qe3 {[%emt 0:08:13]} Rxb4 {[%emt 0:04:03]} 25. Nxe4 {[%emt 0:00:54]} dxe4 {[%emt 0:00:24]} 26. Qxe4 {[%emt 0:00:13]} h6 {[%emt 0:07:14]} 27. Rbc1 {[%emt 0:00:42]} Ne7 {[%emt 0:02:59]} 28. Rxc8+ {[%emt 0:01:12]} Nxc8 {[%emt 0:00:08]} 29. Qa8 {[%emt 0:00:40]} Rb8 {[%emt 0:01:43]} 30. Qa4 {[%emt 0:00:28]} Nb6 {[%emt 0:01:44]} 31. Qc2 {[%emt 0:01:10]} Nd5 {[%emt 0:02:02]} 32. Ne5 {[%emt 0:03:38]} Nf4 {[%emt 0:01:28]} 33. Kh2 {[%emt 0:01:35]} Qxd4 {[%emt 0:03:26]} 34. Nc6 {[%emt 0:00:30]} Qb2 {[%emt 0:09:16]} 35. Qe4 {[%emt 0:00:19]} Nd5 {[%emt 0:03:03]} 36. Nxb8 {[%emt 0:00:08]} Qxb8+ {[%emt 0:00:06]} 37. Kh1 {[%emt 0:00:39]} Qb3 {[%emt 0:00:50]} 38. Kg2 {[%emt 0:00:45]} Qb8 {[%emt 0:00:58]} 39. Rb1 {[%emt 0:00:30]} Qd6 {[%emt 0:00:54]} 40. Qf3 {[%emt 0:00:36]} Nf4+ {[%emt 0:01:34]} 41. Kg1 {[%emt 0:00:16]} Qd2 {[%emt 0:01:01]} 42. Rb8+ {[%emt 0:00:42]} Kh7 {[%emt 0:00:09]} 43. Qe4+ {[%emt 0:00:31]} g6 {[%emt 0:01:24]} 44. Qf3 {[%emt 0:00:30]} Ne2+ {[%emt 0:00:39]} 45. Kg2 {[%emt 0:00:32]} Nf4+ {[%emt 0:00:44]} 46. Kg3 {[%emt 0:00:30]} Ne2+ {[%emt 0:00:20]} 47. Kg2 {[%emt 0:00:11]} Nf4+ {[%emt 0:00:08]} 48. Kh2 {[%emt 0:00:06]} Qd6 {[%emt 0:00:47]} 49. Rb7 {[%emt 0:00:35]} Ne2+ {[%emt 0:01:03]} 50. Kg2 {[%emt 0:00:51]} Nf4+ {[%emt 0:00:12]} 51. Kg1 {[%emt 0:00:20]} Kg7 {[%emt 0:00:47]} 52. Qc3+ {[%emt 0:00:27]} e5 {[%emt 0:00:19]} 53. Qc7 {[%emt 0:01:05]} Nxh3+ {[%emt 0:00:55]} 54. Kh2 {[%emt 0:00:22]} Qxc7 {[%emt 0:00:15]} 55. Rxc7 {[%emt 0:00:06]} Nxf2 {[%emt 0:00:06]} 56. Kg3 {[%emt 0:00:54]} Ne4+ {[%emt 0:00:36]} 57. Kf3 {[%emt 0:00:20]} Nf6 {[%emt 0:00:36]} 58. Rc6 {[%emt 0:00:37]} e4+ {[%emt 0:00:48]} 59. Kf4 {[%emt 0:00:23]} e3 {[%emt 0:00:38]} 60. Rc2 {[%emt 0:00:46]} Nd5+ {[%emt 0:00:29]} 61. Kf3 {[%emt 0:00:31]} Kf6 {[%emt 0:00:28]} 62. Rc6+ {[%emt 0:00:28]} Ke5 {[%emt 0:00:12]} 63. Rc8 {[%emt 0:00:17]} f5 {[%emt 0:00:39]} 64. Rh8 {[%emt 0:00:42]} fxg4+ {[%emt 0:00:22]} 65. Kxg4 {[%emt 0:00:04]} h5+ {[%emt 0:00:45]} 66. Kg5 {[%emt 0:00:22]} Nf4 {[%emt 0:00:52]} 67. Re8+ {[%emt 0:00:35]} Ne6+ {[%emt 0:00:15]} 68. Kxg6 {[%emt 0:00:04]} Kd5 {[%emt 0:00:35]} 69. Kf6 {[%emt 0:00:50]} Nc5 {[%emt 0:01:19]} 70. Rxe3 {[%emt 0:00:21]} Ne4+ {[%emt 0:00:14]} 71. Kf5 {[%emt 0:00:39]} Nf2 {[%emt 0:00:32]} 72. Kg5 {[%emt 0:00:23]} Kd4 {[%emt 0:00:30]} 73. Re7 {[%emt 0:00:28]} Nd3 {[%emt 0:00:42]} 74. Kxh5 {[%emt 0:00:12]} Ne5 {[%emt 0:00:10]} 75. Kg5 {[%emt 0:00:15]} Nc6 {[%emt 0:00:21]} 76. Re8 {[%emt 0:00:31]} Kd5 {[%emt 0:00:24]} 77. Kf5 {[%emt 0:00:15]} Nd4+ {[%emt 0:00:16]} 78. Kf6 {[%emt 0:00:11]} Nc6 {[%emt 0:00:10]} 79. Re1 {[%emt 0:00:31]} Nd4 {[%emt 0:00:20]} 80. Rd1 {[%emt 0:00:14]} Ke4 {[%emt 0:00:07]} 81. Rh1 {[%emt 0:00:06]} Nf3 {[%emt 0:00:18]} 82. Ra1 {[%emt 0:00:10]} Nd4 {[%emt 0:00:17]} 83. Ra4 {[%emt 0:00:08]} Kd5 {[%emt 0:00:11]} 84. Ra8 {[%emt 0:00:17]} Nc6 {[%emt 0:00:11]} 85. Kf5 {[%emt 0:00:12]} Nd4+ {[%emt 0:00:11]} 86. Kf4 {[%emt 0:00:05]} Ne6+ {[%emt 0:00:09]} 87. Ke3 {[%emt 0:00:06]} Nc5 {[%emt 0:00:31]} 88. Rh8 {[%emt 0:00:16]} Ke5 {[%emt 0:01:26]} 89. Rh5+ {[%emt 0:00:14]} Kd6 {[%emt 0:00:12]} 90. Kd4 {[%emt 0:00:07]} Ne6+ {[%emt 0:00:11]} 91. Kc4 {[%emt 0:00:10]} Nf4 {[%emt 0:00:20]} 92. Ra5 {[%emt 0:00:11]} Ke6 {[%emt 0:00:25]} 93. Kd4 {[%emt 0:00:08]} Ng6 {[%emt 0:00:49]} 94. Ke4 {[%emt 0:00:07]} Ne7 {[%emt 0:00:49]} 95. Ra6+ {[%emt 0:00:05]} Kd7 {[%emt 0:00:16]} 96. Ke5 {[%emt 0:00:11]} Nc6+ {[%emt 0:00:10]} 97. Ke4 {[%emt 0:00:15]} Kd6 {[%emt 0:00:10]} 98. Ra1 {[%emt 0:00:05]} Ne7 {[%emt 0:00:27]} 99. Rc1 {[%emt 0:00:18]} Ke6 {[%emt 0:00:25]} 100. Ra1 {[%emt 0:00:11]} Kd6 {[%emt 0:00:07]} 101. Ra5 {[%emt 0:00:06]} Nc6 {[%emt 0:00:31]} 102. Rh5 {[%emt 0:00:06]} Ne7 {[%emt 0:00:54]} 103. Rh6+ {[%emt 0:00:10]} Kd7 {[%emt 0:00:13]} 104. Ke5 {[%emt 0:00:12]} Nc6+ {[%emt 0:00:15]} 105. Kd5 {[%emt 0:00:07]} Ne7+ {[%emt 0:00:12]} 106. Kc5 {[%emt 0:00:04]} Nf5 {[%emt 0:00:23]} 107. Rf6 {[%emt 0:00:19]} Ne7 {[%emt 0:00:32]} 108. Ra6 {[%emt 0:00:10]} Nf5 {[%emt 0:00:41]} 109. Rg6 {[%emt 0:00:28]} Ne7 {[%emt 0:00:14]} 110. Rd6+ {[%emt 0:00:24]} Ke8 {[%emt 0:00:15]} 111. Ra6 {[%emt 0:00:27]} Kd7 {[%emt 0:00:33]} 112. Kd4 {[%emt 0:00:17]} Nc6+ {[%emt 0:00:12]} 113. Kc5 {[%emt 0:00:10]} Ne7 {[%emt 0:00:17]} 114. Rh6 {[%emt 0:00:23]} Nf5 {[%emt 0:00:24]} 115. Rh1 {[%emt 0:00:14]} Ke6 {[%emt 0:00:34]} 116. Re1+ {[%emt 0:00:08]} Kf6 {[%emt 0:00:11]} 117. Kd5 {[%emt 0:00:04]} Ne7+ {[%emt 0:00:12]} 118. Kd6 {[%emt 0:00:05]} Nf5+ {[%emt 0:00:11]} 119. Kd7 {[%emt 0:00:05]} Nd4 {[%emt 0:00:30]} 120. Re4 {[%emt 0:00:09]} Nf5 {[%emt 0:00:12]} 121. Re1 {[%emt 0:00:09]} Nd4 {[%emt 0:00:30]} 122. Kd6 {[%emt 0:00:11]} Nf5+ {[%emt 0:00:14]} 123. Kd5 {[%emt 0:00:05]} Ne7+ {[%emt 0:00:11]} 124. Ke4 {[%emt 0:00:03]} Ke6 {[%emt 0:00:22]} 1/2-1/2

[Event "Kragero Resort International 2022"]
[Site "Kragero"]
[Date "2022.02.25"]
[Round "6.7"]
[White "Gumularz, Szymon"]
[Black "Vestby-Ellingsen, Mads"]
[Result "1-0"]
[WhiteElo "2539"]
[BlackElo "2368"]
[Annotator "TA"]
[PlyCount "59"]
[EventDate "2022.02.23"]
[EventType "swiss"]
[EventCountry "NOR"]
[SourceTitle "playchess.com"]
[Source "ChessBase"]
[SourceQuality "1"]

{[%evp 13,59,22,30,14,33,24,28,20,18,12,28,19,25,16,39,29,42,34,35,14,39,35,76,68,81,81,93,100,95,96,86,102,82,77,154,141,144,154,123,119,1018,997,996,962,29988,29989,29997,29998]} 1. c4 e6 2. Nc3 d5 3. d4 Nf6 4. cxd5 exd5 5. Bg5 c6 6. e3 Be7 7. Bd3 Nbd7 {[%cal Of6e4] 7...Nbd7 is better than 7...0-0.} 8. h3 {D35: Queen's Gambit Declined: Exchange Variation.} Nb6 (8... O-O {keeps more tension.} 9. Qc2 Re8 10. Nf3 g6 11. Bh6 Nb6) 9. Bf4 Bd6 10. Bxd6 {White has an edge.} Qxd6 11. Nf3 O-O 12. Qc2 Re8 13. O-O Be6 {[#]} 14. Ne5 $146 ({Predecessor:} 14. Rae1 Nbd7 15. Ng5 h6 16. Nf3 Rac8 17. Qb1 c5 18. dxc5 Nxc5 19. Bc2 Nce4 20. Ne2 Ng5 21. Nxg5 hxg5 {1-0 (44) Summerscale,A (2440)-Giacomini,H (2305) France 1998}) 14... a6 15. f4 c5 16. Qf2 Rac8 17. Rae1 Rc7 (17... Rcd8 $14 {is more appropriate.}) 18. g4 $16 cxd4 19. exd4 Ne4 20. Bxe4 ({Don't play} 20. Nxe4 $6 dxe4 21. Rxe4 (21. Bxe4 Bxa2 22. g5 Rec8 $11) 21... Rf8 $11) 20... dxe4 21. Nxe4 Qd8 22. f5 Bd5 23. Nc3 $36 {[%mdl 2048] Keeping Black busy.} Rc8 (23... h6 $142) 24. f6 gxf6 25. Qxf6 Bc4 26. Nxc4 {The board is on fire. White is much more active. Pair of Knights!} Rxe1 {[%mdl 8192] This move loses the game for Black.} (26... Qxf6 $16 27. Rxe8+ Rxe8 28. Rxf6 Nxc4) 27. Qxf7+ $18 ({Worse is} 27. Qxb6 Qh4 28. Rxe1 Qxe1+ 29. Kg2 Rxc4 30. Qd8+ Kg7 31. Qg5+ Kf8 $17) 27... Kh8 28. Rxe1 {[%cal Oe1e7] [#] White threatens Re7! and mate.} Nxc4 29. Re7 {[%csl Ge7][%cal Rf7h7]} Qxd4+ 30. Kh1 {Weighted Error Value: White=0.06 (flawless) /Black=0.34} 1-0

[Event "Kragero Resort International 2022"]
[Site "Kragero"]
[Date "2022.02.25"]
[Round "6.7"]
[White "Thorisson, Benedikt"]
[Black "Frovik, Einar Clausen"]
[Result "1-0"]
[WhiteElo "1790"]
[BlackElo "1550"]
[Annotator "NA"]
[PlyCount "45"]
[EventDate "2022.02.23"]
[EventType "swiss"]
[EventCountry "NOR"]
[SourceTitle "playchess.com"]
[Source "ChessBase"]
[SourceQuality "1"]
[TimeControl "5400+30"]

1. e4 {[%emt 0:00:03]} c5 {[%emt 0:00:58]} 2. Nf3 {[%emt 0:00:12]} d6 {[%emt 0:00:04]} 3. d4 {[%emt 0:00:11]} cxd4 {[%emt 0:00:06]} 4. Nxd4 {[%emt 0:00:04]} Nf6 {[%emt 0:00:18]} 5. Nc3 {[%emt 0:00:20]} g6 {[%emt 0:00:06]} 6. f3 {[%emt 0:01:06]} Bg7 {[%emt 0:00:33]} 7. Be3 {[%emt 0:00:59]} O-O {[%emt 0:00:13]} 8. g4 {[%emt 0:00:27]} h5 {[%emt 0:15:04]} 9. gxh5 {[%emt 0:01:08]} Nxh5 {[%emt 0:00:10]} 10. Qd2 {[%emt 0:00:18]} Nc6 {[%emt 0:03:33]} 11. O-O-O {[%emt 0:01:43]} Bd7 {[%emt 0:02:26]} 12. Kb1 {[%emt 0:02:47]} Rc8 {[%emt 0:01:52]} 13. Be2 {[%emt 0:03:06]} Ne5 {[%emt 0:07:17]} 14. f4 {[%emt 0:01:33]} Nc4 {[%emt 0:02:09]} 15. Bxc4 {[%emt 0:00:19]} Rxc4 {[%emt 0:00:04]} 16. f5 {[%emt 0:00:32]} Qa5 {[%emt 0:08:55]} 17. Rhg1 {[%emt 0:10:54]} Rfc8 {[%emt 0:28:59]} 18. fxg6 {[%emt 0:04:51]} fxg6 {[%emt 0:01:48]} 19. Rxg6 {[%emt 0:02:43]} Kh7 {[%emt 0:01:43]} 20. Rg5 {[%emt 0:00:19]} R4c5 {[%emt 0:02:33]} 21. Rdg1 {[%emt 0:01:17]} Bf6 {[%emt 0:02:33]} 22. Rg6 {[%emt 0:02:05]} Ng7 {[%emt 0:02:39]} 23. Qg2 {[%emt 0:01:20]} 1-0

[Event "Kragero Resort International 2022"]
[Site "Kragero"]
[Date "2022.02.25"]
[Round "6.8"]
[White "Kulaots, Kaido"]
[Black "Ingebretsen, Jens E"]
[Result "1-0"]
[WhiteElo "2527"]
[BlackElo "2316"]
[Annotator "TA"]
[PlyCount "79"]
[EventDate "2022.02.23"]
[EventType "swiss"]
[EventCountry "NOR"]
[SourceTitle "playchess.com"]
[Source "ChessBase"]
[SourceQuality "1"]

{[%evp 13,79,22,19,33,25,18,25,15,29,15,41,38,89,78,129,129,126,41,73,79,130,144,145,117,150,86,77,83,88,82,135,112,168,174,175,173,302,308,347,345,330,209,488,477,560,546,529,554,981,675,1075,996,1085,1070,1022,948,1122,1107,29982,29983,29987,29988,29988,29989,29989,29990,29990,29991]} 1. c4 e5 2. g3 Nf6 3. Bg2 Nc6 4. Nc3 Bc5 5. Nf3 d6 6. O-O a6 7. e3 {seems to push 7.d3 aside.} O-O 8. d4 {A29: English Opening: Four Knights Variation with 4 g3.} exd4 9. exd4 Ba7 10. Be3 {White has an edge.} Re8 11. h3 Bf5 12. g4 {[#]} Bg6 $146 (12... Bd7 $14) ({Predecessor:} 12... Bc8 13. Re1 h6 14. Qd2 Ne7 15. g5 Nh7 16. Kh1 Nf5 17. Nh4 Rb8 18. Bd5 Qd7 19. Kg2 Qe6 20. Nf3 Nxe3+ {½-½ (20) Marcinkiewicz,W-Escera,C IECG email 2005}) 13. Nh4 $16 Be4 (13... Rb8 $142) 14. Nxe4 Nxe4 15. Nf3 ({White should play} 15. Nf5 $16) 15... h5 16. gxh5 d5 ({Better is} 16... f5) 17. cxd5 Qxd5 {[#]} 18. Ng5 $1 {[%mdl 512]} f5 {[%cal Rc6d4]} (18... Bxd4 19. Rc1) 19. Rc1 (19. h6 $142 gxh6 20. Nxe4 fxe4 21. Qg4+ (21. Bxh6 Kh7 $14) 21... Kh7 22. Qh4 (22. Qf4 Re6 $14)) 19... Rad8 {[%cal Ra7d4]} 20. Nxe4 fxe4 21. Qg4 Rd7 (21... Bxd4 $142 22. Rfd1 Ne5 23. Bxe4 (23. Rxd4 Qxd4 24. Qg5 Qd7 $17) 23... Nxg4 24. Bxd5+ Rxd5 25. Bxd4 Ne5) 22. Rfd1 ({Don't take} 22. Qg6 Rde7 $14) 22... Nxd4 (22... Rde7 $16 23. Bf1 b5) 23. b4 $1 $18 {[%cal Od1d4]} Qe6 {[#]} 24. Kh1 $1 b5 {[#]} (24... Ree7 $142 25. Qxe6+ Rxe6) 25. Rd2 $1 Ree7 26. Rcd1 Qe5 27. Qg3 {Inhibits Nf3.} Qf6 (27... Qxg3 28. fxg3 Rd6 29. Rxd4 (29. Bxd4 e3 $16) 29... Bxd4 30. Rxd4 Rxd4 31. Bxd4 Rd7) 28. Bg5 Qe6 {[%cal Od4f3]} 29. Bxe7 Qxe7 30. Qg4 a5 31. Bxe4 Rd6 32. h6 {And now hxg7 would win.} g5 33. h7+ Kh8 34. h4 {[%cal Bh3h4,Bh4g5,Bg5g6][%mdl 32]} axb4 35. hxg5 {Strongly threatening g6.} c5 36. g6 {White mates.} Kg7 37. h8=Q+ Kxh8 38. g7+ Qxg7 39. Qc8+ Qg8 40. Qh3+ {Weighted Error Value: White=0.20 (precise) /Black=0.66} 1-0